| 000 | 00735nam a22002537a 4500 | ||
|---|---|---|---|
| 999 |
_c317787 _d317787 |
||
| 001 | 31364 | ||
| 003 | UA-OsUOA | ||
| 005 | 20200506225559.0 | ||
| 007 | ta | ||
| 008 | 20041214b un ||||| |||| 00| 0 ukr d | ||
| 020 | _a966-313-199-3 | ||
| 040 |
_aUA-OsUOA _bukr _cUA-OsUOA _dUA-OsUOA |
||
| 041 | _aukr | ||
| 044 | _aUA | ||
| 080 | _a341.9(075.8) | ||
| 090 |
_a341.9(075.8) _bЮ31 |
||
| 100 | _aЮлдашев О. Х. | ||
| 245 |
_aМіжнародне приватне право: академічний курс _bпідручник для студентів вищих навчальних закладів |
||
| 260 |
_aКиїв _bІн Юре _c2004 |
||
| 300 | _a352 с. | ||
| 650 | 7 | _2UDC | |
| 942 |
_cBK _2udc |
||
| 955 | _a0 | ||